• 首页
  • 本馆介绍
  • 公告通知
  • 最新文献
  • 馆藏检索
  • 电子资源
  • 读者导购
  • 参考咨询
  • 我的图书馆
  • 登录
  • 详细信息显示
  • 放入我的书架
  • 预约/预借图书
  • 作者相关作品
  • 分类相关作品
  • 丛书相关作品
  • 出版社相关作品

书目信息

  • 表格格式
  • 工作单格式
  • 卡片格式
题名:
教育中的建构主义
    
 
作者: 斯特弗 , Steffe , 盖尔 , Gale 主编 ;高文 译
分册:  
出版信息: 上海   华东师范大学出版社  2002
页数: 12,475页
开本: 23cm
丛书名: 《21世纪人类学习的革命》译丛
单 册:
中图分类: G40-06
科图分类:
主题词: 教育--建构主义--研究 , 教育 , 建构主义
电子资源:
ISBN: 978-7-5617-3044-7
000 01260oam2 2200349 450
001 TS-229757
005 20110111094438.19
010    @a978-7-5617-3044-7@dCNY42.00
100    @a20021223e20072002kemy0chiy0110 ea
101 1  @achi@ceng
102    @aCN@b310000
105    @aa z 001yy
106    @ar
200 1  @a教育中的建构主义@Ajiao yu zhong de jian gou zhu yi@f[美]莱斯利·P.斯特弗(Leslie P.Steffe),[美]杰里·盖尔(Jerry Gale)主编@g高文等译
210    @a上海@c华东师范大学出版社@d2002@h2007重印
215    @a12,475页@d23cm
225 2  @a《21世纪人类学习的革命》译丛
305    @a据Lawrence Erlbaum Associates, Inc.1995年版译出
330    @a本书阐述了激进建构主义与社会建构论;信息加工结构主义与控制系统论;社会建构主义与社会文化取向;语言、数学和科学教育上的新认识论等。
410  0 @12001 @a《21世纪人类学习的革命》译丛
510 1  @aConstructivism in Education@zeng
606 0  @a教育@x建构主义@x研究
606 0  @a教育
606 0  @a建构主义
690    @aG40-06@v4
701  1 @a斯特弗@Asi te fu@bL.P.@4主编
701  1 @aSteffe@bLeslie P.@4主编
701  1 @a盖尔@Agai er@bJ.@4主编
701  1 @aGale@bJerry@4主编
702  0 @a高文@Agao wen@4译
801  0 @aCN@bSYL@c20110111
905    @b205974132-169@h597413-16@dG40-06@e537@f4
    
    教育中的建构主义/[美]莱斯利·P.斯特弗(Leslie P.Steffe),[美]杰里·盖尔(Jerry Gale)主编/高文等译.-上海:华东师范大学出版社,2002(2007重印)
    12,475页;23cm.-(《21世纪人类学习的革命》译丛)
    
    
    ISBN 978-7-5617-3044-7:CNY42.00
    本书阐述了激进建构主义与社会建构论;信息加工结构主义与控制系统论;社会建构主义与社会文化取向;语言、数学和科学教育上的新认识论等。
●
相关链接 在E读中查询图书 在五车中查询图书 在当当中查询图书 在豆瓣中查询图书


正题名:教育中的建构主义     索取号:G40-06/537         预约/预借

序号 登录号 条形码 馆藏地/架位号 状态 备注
1 597413   205974132   第一样本阅览室/ [索取号:G40-06/537] 在馆    
2 597414   205974141   第四借阅区/ [索取号:G40-06/537] 在馆    
3 597415   205974150   第四借阅区/ [索取号:G40-06/537] 在馆    
4 597416   205974169   第四借阅区/ [索取号:G40-06/537] 在馆    
唐山师范学院图书馆 欢迎您!
大连网信软件有限公司© 版权所有